PARADOJA Y CONTRAPARADOJA : (Registro nro. 7770)
[ vista simple ]
| 000 -LEADER | |
|---|---|
| fixed length control field | 00551nam a2200193 a 4500 |
| 001 - CONTROL NUMBER | |
| control field | 7770 |
| 003 - CONTROL NUMBER IDENTIFIER | |
| control field | Mx-PuUPA |
| 005 - DATE AND TIME OF LATEST TRANSACTION | |
| control field | 20260115124722.0 |
| 008 - FIXED-LENGTH DATA ELEMENTS--GENERAL INFORMATION | |
| fixed length control field | 140415s1991 000 0 spa d |
| 040 ## - CATALOGING SOURCE | |
| Transcribing agency | Mx-PuUPA |
| 041 ## - LANGUAGE CODE | |
| Language code of text/sound track or separate title | spa |
| 082 ## - DEWEY DECIMAL CLASSIFICATION NUMBER | |
| Classification number | 616.8915 |
| Item number | PAR |
| 245 00 - TITLE STATEMENT | |
| Title | PARADOJA Y CONTRAPARADOJA : |
| Remainder of title | UN NUEVO MODELO EN LA TERAPIA DE LA FAMILIA CON TRAN... |
| 260 ## - PUBLICATION, DISTRIBUTION, ETC. | |
| Place of publication, distribution, etc. | [s.l.] : |
| Name of publisher, distributor, etc. | PAIDOS MEXICANA, |
| Date of publication, distribution, etc. | 1991 |
| 300 ## - PHYSICAL DESCRIPTION | |
| Extent | 189 |
| 490 ## - SERIES STATEMENT | |
| Series statement | GRUPOS E INSTITUCIONES |
| Volume/sequential designation | 21 |
| 650 14 - SUBJECT ADDED ENTRY--TOPICAL TERM | |
| Topical term or geographic name entry element | ENTREVISTAS EN PSIQUIATRIA |
| General subdivision | PSICOTERAPIA FAMILIAR |
| 942 ## - ADDED ENTRY ELEMENTS (KOHA) | |
| Source of classification or shelving scheme | Dewey Decimal Classification |
| Koha item type | Libro |
| Withdrawn status | Lost status | Source of classification or shelving scheme | Damaged status | Not for loan | Collection code | Home library | Current library | Shelving location | Date acquired | Source of acquisition | Inventory number | Total Checkouts | Full call number | Barcode | Date last seen | Date last checked out | Price effective from | Koha item type |
|---|---|---|---|---|---|---|---|---|---|---|---|---|---|---|---|---|---|---|
| Dewey Decimal Classification | General | Biblioteca Karol Wojtyla | Biblioteca Karol Wojtyla | Sala general | 03/12/2013 | Compra | 151000000000000000008385 | 616.8915 PAR | 20931 | 05/01/2026 | 08/10/2014 | 03/12/2013 | Libro |